000 00320nam a22001097a 4500
008 230703b xxu||||| |||| 00| 0 eng d
082 _a342.73
_bIPU
100 _cIPU
245 _aThe Convention on the Elimination of All forms of discrimination against women and its optional protocal
300 _a121p
942 _2ddc
_cBK
999 _c3456
_d3456